000 00602nam a2200181Ia 4500
008 100921s9999 xx 000 0 und d
082 _b27482
_a891.463 थ 95
100 _aजावडेकर सुबोध.
245 _aआकांत.
260 _bग्रंथाली प्रकाशन, मुंबई.
_c1995
300 _a100
_bरसिक साहित्य,पुणे
365 _b40
520 _aललित-कादंबरी.
630 _aआकांत.
650 _aललित-कादंबरी.
730 _aआकांत.
942 _cBOOK
999 _c776595
_d776592